UM Logo

Pasyon and revolution: (Record no. 7270)

MARC details
000 -LEADER
fixed length control field 00605nam a22001697a 4500
008 - FIXED-LENGTH DATA ELEMENTS--GENERAL INFORMATION
fixed length control field 170814b xxu||||| |||| 00| 0 eng d
020 ## - INTERNATIONAL STANDARD BOOK NUMBER
International Standard Book Number 97105502326
082 ## - DEWEY DECIMAL CLASSIFICATION NUMBER
Edition number 1997
Classification number DFil 959.9023
Item number Il3
100 ## - MAIN ENTRY--PERSONAL NAME
9 (RLIN) 22022
Personal name Ileto, Reynaldo C.
245 ## - TITLE STATEMENT
Title Pasyon and revolution:
Remainder of title popular movements in the Philippines, 1840- 1910/
Statement of responsibility, etc. Reynaldo C. Ileto.
260 ## - PUBLICATION, DISTRIBUTION, ETC. (IMPRINT)
Place of publication, distribution, etc. Quezon City:
Name of publisher, distributor, etc. ADMU Press,
Date of publication, distribution, etc. c1997.
300 ## - PHYSICAL DESCRIPTION
Extent xi, 280 pages;
Dimensions 23 cm.
500 ## - GENERAL NOTE
General note Includes appendices, bibliographical references and index.
650 #0 - SUBJECT ADDED ENTRY--TOPICAL TERM
9 (RLIN) 22023
Topical term or geographic name as entry element Philippines - History - 1840- 1910.
365 ## - TRADE PRICE
Price type code Php.
Price amount 330.00
942 ## - ADDED ENTRY ELEMENTS (KOHA)
Source of classification or shelving scheme Dewey Decimal Classification
Koha item type Filipiniana
Holdings
Withdrawn status Lost status Source of classification or shelving scheme Damaged status Not for loan Collection code Home library Current library Date acquired Source of acquisition Total Checkouts Full call number Barcode Date last seen Copy number Cost, replacement price Price effective from Koha item type
    Dewey Decimal Classification     Filipiniana UM Digos College - LIC UM Digos College - LIC 10/28/2003 Purchased   DFil 959.9023 Il3 1997 16284 05/15/2025 1 330.00 08/14/2017 Filipiniana
    Dewey Decimal Classification     Filipiniana UM Digos College - LIC UM Digos College - LIC 07/25/2004 Purchased   DFil 959.9023 Il3 1997 17439 05/15/2025 2 330.00 08/14/2017 Filipiniana